The new do-it-yourself handbook

Bibliographic Details
Format: Book
Published: London : Marshall Cavendish , 1995
Subjects:

MARC

LEADER 00000cam a2200000 7i4500
001 0000008980
002 000009781
005 20000330.0
020 |a 1854358383 
090 0 0 |a 643.7   |b NEW 
245 1 0 |a The new do-it-yourself handbook 
260 |a London :   |b Marshall Cavendish ,   |c 1995 
300 |a 225p. :   |b ill ;   |c 29cm. 
650 0 0 |a Dwellings   |x Maintenance and repair 
999 |a 048876   |b BUKU   |c PINJAMAN   |e PERPUSTAKAAN KOMUNITI PETALING JAYA 
999 |a 048877   |b BUKU   |c PINJAMAN   |e PERPUSTAKAAN KOMUNITI PETALING JAYA